Industrial electronics (Record no. 7902)

000 -LEADER
fixed length control field 00451nam a22001817a 4500
001 - CONTROL NUMBER
control field 7902
003 - CONTROL NUMBER IDENTIFIER
control field BD-DhUET
008 - FIXED-LENGTH DATA ELEMENTS--GENERAL INFORMATION
fixed length control field 141214b xxu||||| |||| 00| 0 eng d
040 ## - CATALOGING SOURCE
Transcribing agency DLC
Modifying agency BD-DhUET
Original cataloging agency DLC
082 ## - DEWEY DECIMAL CLASSIFICATION NUMBER
Classification number 623.81
Item number MOR/1970
100 ## - MAIN ENTRY--PERSONAL NAME
Personal name Morris, Noel
245 ## - TITLE STATEMENT
Title Industrial electronics
250 ## - EDITION STATEMENT
Edition statement 2nd ed.
260 ## - PUBLICATION, DISTRIBUTION, ETC. (IMPRINT)
Place of publication, distribution, etc. New Delhi
Name of publisher, distributor, etc. Tata McGraw-Hill Publishing
Date of publication, distribution, etc. 1978
300 ## - PHYSICAL DESCRIPTION
Extent xii, 305p.
650 #0 - SUBJECT ADDED ENTRY--TOPICAL TERM
Topical term or geographic name as entry element Industrial electronics
942 ## - ADDED ENTRY ELEMENTS (KOHA)
Koha item type General Book
Holdings
Source of classification or shelving scheme Koha item type Koha date last seen Price effective from Shelving location Location (home branch) Copy number Koha full call number Withdrawn status Date acquired Sublocation or collection (holding branch) Piece designation (barcode) Not for loan Damaged status Koha normalized classification for sorting Lost status
 General Book2014-12-142014-12-14Circulation sectionCentral Library, BUET1623.81/MOR/1970 2014-12-14Central Library, BUET69501  623_810000000000000_MOR_1970 
 General Book2015-05-032015-05-03Circulation sectionCentral Library, BUET2623.81/MOR/1970 2015-05-03Central Library, BUET69500  623_810000000000000_MOR_1970